Роль национально-культурных объединений в интеграции мигрантов в местное сообщество в регионах Поволжья (Запись № 10491510)
[ простой вид ]
| 000 -МАРКЕР | |
|---|---|
| контрольное поле | 02878nam0a2200409 i 4500 |
| 001 - ИДЕНТИФИКАТОР ЗАПИСИ | |
| контрольное поле | RU\NLR\BIBL_A\010588169 |
| 005 - ИДЕНТИФИКАТОР ВЕРСИИ | |
| контрольное поле | 20260408093032.0 |
| 010 ## - МЕЖДУНАРОДНЫЙ СТАНДАРТНЫЙ НОМЕР КНИГИ (ISBN) | |
| Номер (ISBN) | 9785438606260 |
| Тираж | 200 |
| 021 ## - НОМЕР ГОСУДАРСТВЕННОЙ РЕГИСТРАЦИИ | |
| Код страны | Российская Федерация |
| Номер | 2014-87148 |
| Номер Листа государственной регистраци | 5304 |
| 035 ## - ДРУГИЕ СИСТЕМНЫЕ НОМЕРА | |
| Идентификатор записи | (NILC)RuMoRGB-007826696 |
| 035 ## - ДРУГИЕ СИСТЕМНЫЕ НОМЕРА | |
| Идентификатор записи | (NLR Aleph) 010588169 |
| 100 ## - ДАННЫЕ ОБЩЕЙ ОБРАБОТКИ | |
| Данные общей обработки | 20150120d2014 k y0rusy50 ca |
| 101 0# - ЯЗЫК РЕСУРСА | |
| Язык текста, звукозаписи и т.д. | русский |
| 102 ## - СТРАНА ПУБЛИКАЦИИ ИЛИ ПРОИЗВОДСТВА | |
| Страна публикации | Российская Федерация |
| 105 ## - ПОЛЕ КОДИРОВАННЫХ ДАННЫХ: ТЕКСТОВЫЕ МАТЕРИАЛЫ, МОНОГРАФИЧЕСКИЕ | |
| Кодированные данные о монографическом текстовом документе | ac z 000yy |
| 200 1# - ЗАГЛАВИЕ И СВЕДЕНИЯ ОБ ОТВЕТСТВЕННОСТИ | |
| Основное заглавие | Роль национально-культурных объединений в интеграции мигрантов в местное сообщество в регионах Поволжья |
| Сведения, относящиеся к заглавию | (на примере Республики Башкортостан, Республики Татарстан, Самарской области) |
| Первые сведения об ответственности | [Хуснутдинова Ляйля Гельсовна, Габдрафиков Ильдар Махмутович, Вильданов Ханиф Салимович, Андреева Людмила Михайловна |
| Последующие сведения об ответственности | под ред. к.и.н. Л. Г. Хуснутдиновой] |
| -- | М-во образования и науки Российской Федерации, Федеральное гос. бюджетное образовательное учреждение высш. проф. образования "Уфимский гос. ун-т экономики и сервиса" |
| 210 ## - ПУБЛИКАЦИЯ, РАСПРОСТРАНЕНИЕ И ДР. | |
| Место издания, распространения и т.д. | Санкт-Петербург |
| Имя издателя, распространителя и т. д. | Свое изд-во |
| Дата издания, распространения и т.д. | 2014 |
| 215 ## - ФИЗИЧЕСКАЯ ХАРАКТЕРИСТИКА | |
| Специфическое обозначение материала и объем | 278 с., [4] л. цв. ил., портр. |
| Размеры | 21 |
| 300 ## - ОБЩИЕ ПРИМЕЧАНИЯ | |
| Текст примечания | Авт. указаны перед вып. дан. |
| 300 ## - ОБЩИЕ ПРИМЕЧАНИЯ | |
| Текст примечания | На 4-й с. обл. авт.: Хуснутдинова Л. Г., к.ист.н., доц., Габдрафиков И. М., к.ист.н., Вильданов Х. С., д.филос.н., Андреева Л. М., к.ист.н., доц. |
| 320 ## - ПРИМЕЧАНИЯ О НАЛИЧИИ В ДОКУМЕНТЕ БИБЛИОГРАФИИ / УКАЗАТЕЛЯ | |
| Текст примечания | Библиогр. в подстроч. примеч. |
| 333 ## - ПРИМЕЧАНИЯ ОБ ОСОБЕННОСТЯХ РАСПРОСТРАНЕНИЯ И ИСПОЛЬЗОВАНИЯ | |
| Текст примечания | 12+ |
| 606 1# - НАИМЕНОВАНИЕ ТЕМЫ КАК ПРЕДМЕТ | |
| Наименование темы | Этнокультурные процессы |
| Географический подзаголовок | Поволжье |
| Системный номер авторитетной/нормативной записи | 2239756 |
| Идентификатор авторитетной/нормативной записи | RU\NLR\AUTH\6601575519 |
| 610 0# - НЕКОНТРОЛИРУЕМЫЕ ПРЕДМЕТНЫЕ ТЕРМИНЫ | |
| Предметный термин | национально-культурные центры |
| 610 0# - НЕКОНТРОЛИРУЕМЫЕ ПРЕДМЕТНЫЕ ТЕРМИНЫ | |
| Предметный термин | мигранты |
| 686 ## - ИНДЕКСЫ ДРУГИХ КЛАССИФИКАЦИЙ | |
| Индекс | Т3(2Р35)74-36 |
| 701 #1 - ИМЯ ЛИЦА - АЛЬТЕРНАТИВНАЯ ОТВЕТСТВЕННОСТЬ | |
| Начальный элемент ввода | Хуснутдинова |
| Часть имени, кроме начального элемента ввода | Л. Г. |
| Расширение инициалов личного имени | Ляйля Гельсовна |
| Код отношения | Автор |
| -- | Редактор |
| 701 #1 - ИМЯ ЛИЦА - АЛЬТЕРНАТИВНАЯ ОТВЕТСТВЕННОСТЬ | |
| Начальный элемент ввода | Габдрафиков |
| Часть имени, кроме начального элемента ввода | И. М. |
| Расширение инициалов личного имени | Ильдар Махмутович |
| 701 #1 - ИМЯ ЛИЦА - АЛЬТЕРНАТИВНАЯ ОТВЕТСТВЕННОСТЬ | |
| Графика поля | Кириллица |
| Материалы, к которым относится поле | rus |
| Начальный элемент ввода | Вильданов |
| Часть имени, кроме начального элемента ввода | Х. С. |
| Даты | 1970- |
| Расширение инициалов личного имени | Ханиф Салимович |
| Системный номер авторитетной/нормативной записи | 238843 |
| Идентификатор авторитетной/нормативной записи | RU\NLR\AUTH\770238899 |
| 701 #1 - ИМЯ ЛИЦА - АЛЬТЕРНАТИВНАЯ ОТВЕТСТВЕННОСТЬ | |
| Материалы, к которым относится поле | rus |
| Графика поля | Кириллица |
| Начальный элемент ввода | Андреева |
| Часть имени, кроме начального элемента ввода | Л. М. |
| Дополнения к именам, кроме дат | историк |
| Расширение инициалов личного имени | Людмила Михайловна |
| Идентификатор авторитетной/нормативной записи | RU\NLR\AUTH\7747903 |
| Системный номер авторитетной/нормативной записи | 30838 |
| 712 02 - НАИМЕНОВАНИЕ ОРГАНИЗАЦИИ - ВТОРИЧНАЯ ОТВЕТСТВЕННОСТЬ | |
| Код отношения | Прочие |
| Начальный элемент ввода | Уфимский государственный университет экономики и сервиса |
| Идентификатор авторитетной/нормативной записи | RU\NLR\AUTH\8810233090 |
| Системный номер авторитетной/нормативной записи | 351316 |
| 801 #0 - ИСТОЧНИК ЗАПИСИ | |
| Страна | Российская Федерация |
| Организация | РГБ |
| Дата составления | 20141120 |
| Правила каталогизации | RCR |
| 942 ## - ДОПОЛНИТЕЛЬНЫЕ ЭЛЕМЕНТЫ ЗАПИСИ (АБИС) | |
| Тип экземпляра АБИС | Книга |
| 980 ## - КОЛЛЕКЦИЯ | |
| Название коллекции | НБР |
Нет доступных экземпляров.